| 000 | 00352nam a2200097Ia 4500 | ||
|---|---|---|---|
| 082 | _a658.827|OOST | ||
| 245 | 0 | _aThe brand book : how to build a profitable brand : fast, effectively and efficiently | |
| 100 |
_a Oosthuizen, Thomas Henry Auckland Park, South Africa, 2013 _958615 |
||
| 942 | _cBK | ||
| 008 | 210817s9999 xx 000 0 und d | ||
| 999 |
_c183611 _d183607 |
||